(ランダム20問)市区町村→都道府県 - Statistics

General Stats
  • This quiz has been taken 595 times
  • The average score is 15 of 20
Answer Stats
市区町村 都道府県 % Correct
函館市 北海道
100%
小樽市 北海道
100%
旭川市 北海道
100%
釧路市 北海道
100%
帯広市 北海道
100%
北見市 北海道
100%
岩見沢市 北海道
100%
網走市 北海道
100%
留萌市 北海道
100%
苫小牧市 北海道
100%
稚内市 北海道
100%
美唄市 北海道
100%
江別市 北海道
100%
赤平市 北海道
100%
名寄市 北海道
100%
滝川市 北海道
100%
砂川市 北海道
100%
歌志内市 北海道
100%
富良野市 北海道
100%
登別市 北海道
100%
北広島市 北海道
100%
石狩市 北海道
100%
北斗市 北海道
100%
当別町 北海道
100%
福島町 北海道
100%
知内町 北海道
100%
木古内町 北海道
100%
七飯町 北海道
100%
八雲町 北海道
100%
上ノ国町 北海道
100%
奥尻町 北海道
100%
せたな町 北海道
100%
蘭越町 北海道
100%
真狩村 北海道
100%
京極町 北海道
100%
倶知安町 北海道
100%
余市町 北海道
100%
上砂川町 北海道
100%
由仁町 北海道
100%
妹背牛町 北海道
100%
秩父別町 北海道
100%
比布町 北海道
100%
愛別町 北海道
100%
東川町 北海道
100%
上富良野町 北海道
100%
占冠村 北海道
100%
美深町 北海道
100%
音威子府村 北海道
100%
幌加内町 北海道
100%
増毛町 北海道
100%
初山別村 北海道
100%
遠別町 北海道
100%
天塩町 北海道
100%
猿払村 北海道
100%
豊富町 北海道
100%
礼文町 北海道
100%
利尻富士町 北海道
100%
幌延町 北海道
100%
美幌町 北海道
100%
訓子府町 北海道
100%
佐呂間町 北海道
100%
遠軽町 北海道
100%
壮瞥町 北海道
100%
洞爺湖町 北海道
100%
安平町 北海道
100%
むかわ町 北海道
100%
新冠町 北海道
100%
えりも町 北海道
100%
士幌町 北海道
100%
鹿追町 北海道
100%
芽室町 北海道
100%
中札内村 北海道
100%
大樹町 北海道
100%
広尾町 北海道
100%
釧路町 北海道
100%
浜中町 北海道
100%
弟子屈町 北海道
100%
中標津町 北海道
100%
標津町 北海道
100%
羅臼町 北海道
100%
留夜別村 北海道
100%
留別村 北海道
100%
紗那村 北海道
100%
八戸市 青森県
100%
五所川原市 青森県
100%
十和田市 青森県
100%
むつ市 青森県
100%
外ヶ浜町 青森県
100%
鰺ヶ沢町 青森県
100%
深浦町 青森県
100%
西目屋村 青森県
100%
田舎館村 青森県
100%
鶴田町 青森県
100%
中泊町 青森県
100%
七戸町 青森県
100%
六戸町 青森県
100%
横浜町 青森県
100%
東北町 青森県
100%
六ヶ所村 青森県
100%
大間町 青森県
100%
東通村 青森県
100%
風間浦村 青森県
100%
三戸町 青森県
100%
五戸町 青森県
100%
階上町 青森県
100%
盛岡市 岩手県
100%
大船渡市 岩手県
100%
花巻市 岩手県
100%
北上市 岩手県
100%
久慈市 岩手県
100%
一関市 岩手県
100%
陸前高田市 岩手県
100%
釜石市 岩手県
100%
二戸市 岩手県
100%
奥州市 岩手県
100%
雫石町 岩手県
100%
岩手町 岩手県
100%
紫波町 岩手県
100%
西和賀町 岩手県
100%
山田町 岩手県
100%
軽米町 岩手県
100%
野田村 岩手県
100%
九戸村 岩手県
100%
仙台市 宮城県
100%
塩竈市 宮城県
100%
白石市 宮城県
100%
角田市 宮城県
100%
多賀城市 宮城県
100%
岩沼市 宮城県
100%
大崎市 宮城県
100%
蔵王町 宮城県
100%
七ヶ宿町 宮城県
100%
丸森町 宮城県
100%
亘理町 宮城県
100%
七ヶ浜町 宮城県
100%
大衡村 宮城県
100%
色麻町 宮城県
100%
女川町 宮城県
100%
南三陸町 宮城県
100%
秋田市 秋田県
100%
能代市 秋田県
100%
男鹿市 秋田県
100%
湯沢市 秋田県
100%
鹿角市 秋田県
100%
由利本荘市 秋田県
100%
北秋田市 秋田県
100%
にかほ市 秋田県
100%
仙北市 秋田県
100%
小坂町 秋田県
100%
藤里町 秋田県
100%
五城目町 秋田県
100%
八郎潟町 秋田県
100%
大潟村 秋田県
100%
山形市 山形県
100%
酒田市 山形県
100%
新庄市 山形県
100%
村山市 山形県
100%
天童市 山形県
100%
尾花沢市 山形県
100%
南陽市 山形県
100%
大江町 山形県
100%
最上町 山形県
100%
飯豊町 山形県
100%
遊佐町 山形県
100%
福島市 福島県
100%
会津若松市 福島県
100%
郡山市 福島県
100%
いわき市 福島県
100%
白河市 福島県
100%
相馬市 福島県
100%
南相馬市 福島県
100%
国見町 福島県
100%
天栄村 福島県
100%
下郷町 福島県
100%
南会津町 福島県
100%
北塩原村 福島県
100%
西会津町 福島県
100%
磐梯町 福島県
100%
猪苗代町 福島県
100%
会津坂下町 福島県
100%
柳津町 福島県
100%
会津美里町 福島県
100%
泉崎村 福島県
100%
塙町 福島県
100%
玉川村 福島県
100%
平田村 福島県
100%
双葉町 福島県
100%
浪江町 福島県
100%
葛尾村 福島県
100%
飯舘村 福島県
100%
水戸市 茨城県
100%
日立市 茨城県
100%
土浦市 茨城県
100%
古河市 茨城県
100%
石岡市 茨城県
100%
結城市 茨城県
100%
龍ケ崎市 茨城県
100%
下妻市 茨城県
100%
常総市 茨城県
100%
常陸太田市 茨城県
100%
高萩市 茨城県
100%
北茨城市 茨城県
100%
笠間市 茨城県
100%
取手市 茨城県
100%
牛久市 茨城県
100%
つくば市 茨城県
100%
ひたちなか市 茨城県
100%
鹿嶋市 茨城県
100%
守谷市 茨城県
100%
常陸大宮市 茨城県
100%
那珂市 茨城県
100%
かすみがうら市 茨城県
100%
鉾田市 茨城県
100%
茨城町 茨城県
100%
大洗町 茨城県
100%
東海村 茨城県
100%
大子町 茨城県
100%
河内町 茨城県
100%
境町 茨城県
100%
利根町 茨城県
100%
足利市 栃木県
100%
栃木市 栃木県
100%
佐野市 栃木県
100%
日光市 栃木県
100%
小山市 栃木県
100%
真岡市 栃木県
100%
さくら市 栃木県
100%
下野市 栃木県
100%
益子町 栃木県
100%
野木町 栃木県
100%
塩谷町 栃木県
100%
前橋市 群馬県
100%
高崎市 群馬県
100%
伊勢崎市 群馬県
100%
館林市 群馬県
100%
富岡市 群馬県
100%
安中市 群馬県
100%
みどり市 群馬県
100%
榛東村 群馬県
100%
神流町 群馬県
100%
下仁田町 群馬県
100%
長野原町 群馬県
100%
嬬恋村 群馬県
100%
東吾妻町 群馬県
100%
片品村 群馬県
100%
みなかみ町 群馬県
100%
板倉町 群馬県
100%
邑楽町 群馬県
100%
さいたま市 埼玉県
100%
川越市 埼玉県
100%
川口市 埼玉県
100%
行田市 埼玉県
100%
秩父市 埼玉県
100%
所沢市 埼玉県
100%
本庄市 埼玉県
100%
東松山市 埼玉県
100%
春日部市 埼玉県
100%
狭山市 埼玉県
100%
鴻巣市 埼玉県
100%
上尾市 埼玉県
100%
草加市 埼玉県
100%
越谷市 埼玉県
100%
蕨市 埼玉県
100%
入間市 埼玉県
100%
志木市 埼玉県
100%
和光市 埼玉県
100%
新座市 埼玉県
100%
桶川市 埼玉県
100%
久喜市 埼玉県
100%
八潮市 埼玉県
100%
三郷市 埼玉県
100%
坂戸市 埼玉県
100%
幸手市 埼玉県
100%
鶴ヶ島市 埼玉県
100%
ふじみ野市 埼玉県
100%
伊奈町 埼玉県
100%
嵐山町 埼玉県
100%
吉見町 埼玉県
100%
東秩父村 埼玉県
100%
銚子市 千葉県
100%
市川市 千葉県
100%
船橋市 千葉県
100%
木更津市 千葉県
100%
松戸市 千葉県
100%
野田市 千葉県
100%
茂原市 千葉県
100%
成田市 千葉県
100%
佐倉市 千葉県
100%
勝浦市 千葉県
100%
市原市 千葉県
100%
流山市 千葉県
100%
八千代市 千葉県
100%
我孫子市 千葉県
100%
鴨川市 千葉県
100%
鎌ケ谷市 千葉県
100%
君津市 千葉県
100%
浦安市 千葉県
100%
四街道市 千葉県
100%
袖ケ浦市 千葉県
100%
八街市 千葉県
100%
南房総市 千葉県
100%
匝瑳市 千葉県
100%
香取市 千葉県
100%
山武市 千葉県
100%
酒々井町 千葉県
100%
神崎町 千葉県
100%
東庄町 千葉県
100%
九十九里町 千葉県
100%
芝山町 千葉県
100%
横芝光町 千葉県
100%
大多喜町 千葉県
100%
鋸南町 千葉県
100%
八王子市 東京都
100%
立川市 東京都
100%
武蔵野市 東京都
100%
三鷹市 東京都
100%
青梅市 東京都
100%
調布市 東京都
100%
町田市 東京都
100%
小金井市 東京都
100%
日野市 東京都
100%
東村山市 東京都
100%
国分寺市 東京都
100%
福生市 東京都
100%
狛江市 東京都
100%
東大和市 東京都
100%
東久留米市 東京都
100%
武蔵村山市 東京都
100%
稲城市 東京都
100%
あきる野市 東京都
100%
西東京市 東京都
100%
瑞穂町 東京都
100%
日の出町 東京都
100%
奥多摩町 東京都
100%
利島村 東京都
100%
神津島村 東京都
100%
三宅村 東京都
100%
青ヶ島村 東京都
100%
小笠原村 東京都
100%
横浜市 神奈川県
100%
川崎市 神奈川県
100%
相模原市 神奈川県
100%
横須賀市 神奈川県
100%
平塚市 神奈川県
100%
鎌倉市 神奈川県
100%
藤沢市 神奈川県
100%
小田原市 神奈川県
100%
茅ヶ崎市 神奈川県
100%
逗子市 神奈川県
100%
三浦市 神奈川県
100%
秦野市 神奈川県
100%
厚木市 神奈川県
100%
大和市 神奈川県
100%
伊勢原市 神奈川県
100%
海老名市 神奈川県
100%
座間市 神奈川県
100%
南足柄市 神奈川県
100%
葉山町 神奈川県
100%
寒川町 神奈川県
100%
二宮町 神奈川県
100%
中井町 神奈川県
100%
箱根町 神奈川県
100%
真鶴町 神奈川県
100%
湯河原町 神奈川県
100%
長岡市 新潟県
100%
柏崎市 新潟県
100%
小千谷市 新潟県
100%
十日町市 新潟県
100%
村上市 新潟県
100%
燕市 新潟県
100%
糸魚川市 新潟県
100%
五泉市 新潟県
100%
佐渡市 新潟県
100%
南魚沼市 新潟県
100%
胎内市 新潟県
100%
聖籠町 新潟県
100%
湯沢町 新潟県
100%
刈羽村 新潟県
100%
粟島浦村 新潟県
100%
高岡市 富山県
100%
魚津市 富山県
100%
氷見市 富山県
100%
黒部市 富山県
100%
砺波市 富山県
100%
南砺市 富山県
100%
射水市 富山県
100%
金沢市 石川県
100%
七尾市 石川県
100%
小松市 石川県
100%
輪島市 石川県
100%
加賀市 石川県
100%
羽咋市 石川県
100%
かほく市 石川県
100%
野々市市 石川県
100%
宝達志水町 石川県
100%
中能登町 石川県
100%
福井市 福井県
100%
敦賀市 福井県
100%
大野市 福井県
100%
鯖江市 福井県
100%
あわら市 福井県
100%
越前市 福井県
100%
坂井市 福井県
100%
南越前町 福井県
100%
越前町 福井県
100%
若狭町 福井県
100%
甲府市 山梨県
100%
富士吉田市 山梨県
100%
韮崎市 山梨県
100%
北杜市 山梨県
100%
笛吹市 山梨県
100%
甲州市 山梨県
100%
早川町 山梨県
100%
昭和町 山梨県
100%
山中湖村 山梨県
100%
長野市 長野県
100%
松本市 長野県
100%
上田市 長野県
100%
飯田市 長野県
100%
諏訪市 長野県
100%
須坂市 長野県
100%
小諸市 長野県
100%
駒ヶ根市 長野県
100%
茅野市 長野県
100%
塩尻市 長野県
100%
千曲市 長野県
100%
小海町 長野県
100%
南相木村 長野県
100%
立科町 長野県
100%
下諏訪町 長野県
100%
箕輪町 長野県
100%
飯島町 長野県
100%
阿南町 長野県
100%
阿智村 長野県
100%
下條村 長野県
100%
喬木村 長野県
100%
豊丘村 長野県
100%
上松町 長野県
100%
南木曽町 長野県
100%
麻績村 長野県
100%
筑北村 長野県
100%
白馬村 長野県
100%
山ノ内町 長野県
100%
野沢温泉村 長野県
100%
信濃町 長野県
100%
小川村 長野県
100%
飯綱町 長野県
100%
岐阜市 岐阜県
100%
大垣市 岐阜県
100%
高山市 岐阜県
100%
多治見市 岐阜県
100%
関市 岐阜県
100%
中津川市 岐阜県
100%
美濃市 岐阜県
100%
瑞浪市 岐阜県
100%
恵那市 岐阜県
100%
美濃加茂市 岐阜県
100%
山県市 岐阜県
100%
飛騨市 岐阜県
100%
郡上市 岐阜県
100%
下呂市 岐阜県
100%
海津市 岐阜県
100%
安八町 岐阜県
100%
北方町 岐阜県
100%
坂祝町 岐阜県
100%
白川町 岐阜県
100%
静岡市 静岡県
100%
浜松市 静岡県
100%
沼津市 静岡県
100%
富士宮市 静岡県
100%
伊東市 静岡県
100%
富士市 静岡県
100%
焼津市 静岡県
100%
掛川市 静岡県
100%
御殿場市 静岡県
100%
袋井市 静岡県
100%
伊豆市 静岡県
100%
御前崎市 静岡県
100%
菊川市 静岡県
100%
伊豆の国市 静岡県
100%
牧之原市 静岡県
100%
東伊豆町 静岡県
100%
南伊豆町 静岡県
100%
西伊豆町 静岡県
100%
名古屋市 愛知県
100%
豊橋市 愛知県
100%
岡崎市 愛知県
100%
瀬戸市 愛知県
100%
春日井市 愛知県
100%
豊川市 愛知県
100%
碧南市 愛知県
100%
豊田市 愛知県
100%
西尾市 愛知県
100%
犬山市 愛知県
100%
江南市 愛知県
100%
新城市 愛知県
100%
知立市 愛知県
100%
清須市 愛知県
100%
北名古屋市 愛知県
100%
弥富市 愛知県
100%
みよし市 愛知県
100%
あま市 愛知県
100%
大口町 愛知県
100%
阿久比町 愛知県
100%
南知多町 愛知県
100%
東栄町 愛知県
100%
津市 三重県
100%
四日市市 三重県
100%
伊勢市 三重県
100%
松阪市 三重県
100%
桑名市 三重県
100%
鈴鹿市 三重県
100%
名張市 三重県
100%
尾鷲市 三重県
100%
鳥羽市 三重県
100%
熊野市 三重県
100%
いなべ市 三重県
100%
志摩市 三重県
100%
伊賀市 三重県
100%
木曽岬町 三重県
100%
東員町 三重県
100%
多気町 三重県
100%
玉城町 三重県
100%
南伊勢町 三重県
100%
紀北町 三重県
100%
大津市 滋賀県
100%
近江八幡市 滋賀県
100%
草津市 滋賀県
100%
守山市 滋賀県
100%
湖南市 滋賀県
100%
東近江市 滋賀県
100%
米原市 滋賀県
100%
京都市 京都府
100%
福知山市 京都府
100%
舞鶴市 京都府
100%
綾部市 京都府
100%
宇治市 京都府
100%
宮津市 京都府
100%
亀岡市 京都府
100%
城陽市 京都府
100%
向日市 京都府
100%
八幡市 京都府
100%
京田辺市 京都府
100%
京丹後市 京都府
100%
木津川市 京都府
100%
京丹波町 京都府
100%
大阪市 大阪府
100%
堺市 大阪府
100%
岸和田市 大阪府
100%
豊中市 大阪府
100%
吹田市 大阪府
100%
泉大津市 大阪府
100%
高槻市 大阪府
100%
貝塚市 大阪府
100%
守口市 大阪府
100%
茨木市 大阪府
100%
八尾市 大阪府
100%
富田林市 大阪府
100%
寝屋川市 大阪府
100%
河内長野市 大阪府
100%
和泉市 大阪府
100%
箕面市 大阪府
100%
柏原市 大阪府
100%
門真市 大阪府
100%
摂津市 大阪府
100%
藤井寺市 大阪府
100%
東大阪市 大阪府
100%
泉南市 大阪府
100%
四條畷市 大阪府
100%
交野市 大阪府
100%
阪南市 大阪府
100%
能勢町 大阪府
100%
忠岡町 大阪府
100%
千早赤阪村 大阪府
100%
神戸市 兵庫県
100%
尼崎市 兵庫県
100%
明石市 兵庫県
100%
西宮市 兵庫県
100%
洲本市 兵庫県
100%
芦屋市 兵庫県
100%
相生市 兵庫県
100%
赤穂市 兵庫県
100%
宝塚市 兵庫県
100%
小野市 兵庫県
100%
南あわじ市 兵庫県
100%
朝来市 兵庫県
100%
淡路市 兵庫県
100%
加東市 兵庫県
100%
猪名川町 兵庫県
100%
稲美町 兵庫県
100%
播磨町 兵庫県
100%
佐用町 兵庫県
100%
奈良市 奈良県
100%
大和高田市 奈良県
100%
天理市 奈良県
100%
桜井市 奈良県
100%
五條市 奈良県
100%
香芝市 奈良県
100%
三宅町 奈良県
100%
明日香村 奈良県
100%
広陵町 奈良県
100%
上北山村 奈良県
100%
和歌山市 和歌山県
100%
橋本市 和歌山県
100%
有田市 和歌山県
100%
御坊市 和歌山県
100%
新宮市 和歌山県
100%
九度山町 和歌山県
100%
みなべ町 和歌山県
100%
那智勝浦町 和歌山県
100%
太地町 和歌山県
100%
串本町 和歌山県
100%
鳥取市 鳥取県
100%
米子市 鳥取県
100%
倉吉市 鳥取県
100%
境港市 鳥取県
100%
若桜町 鳥取県
100%
智頭町 鳥取県
100%
松江市 島根県
100%
益田市 島根県
100%
奥出雲町 島根県
100%
岡山市 岡山県
100%
倉敷市 岡山県
100%
津山市 岡山県
100%
総社市 岡山県
100%
備前市 岡山県
100%
矢掛町 岡山県
100%
美咲町 岡山県
100%
吉備中央町 岡山県
100%
広島市 広島県
100%
呉市 広島県
100%
尾道市 広島県
100%
福山市 広島県
100%
庄原市 広島県
100%
廿日市市 広島県
100%
江田島市 広島県
100%
北広島町 広島県
100%
大崎上島町 広島県
100%
世羅町 広島県
100%
下関市 山口県
100%
宇部市 山口県
100%
防府市 山口県
100%
下松市 山口県
100%
長門市 山口県
100%
周南市 山口県
100%
周防大島町 山口県
100%
和木町 山口県
100%
阿武町 山口県
100%
徳島市 徳島県
100%
鳴門市 徳島県
100%
阿南市 徳島県
100%
佐那河内村 徳島県
100%
上板町 徳島県
100%
高松市 香川県
100%
丸亀市 香川県
100%
坂出市 香川県
100%
善通寺市 香川県
100%
さぬき市 香川県
100%
東かがわ市 香川県
100%
土庄町 香川県
100%
小豆島町 香川県
100%
松山市 愛媛県
100%
今治市 愛媛県
100%
宇和島市 愛媛県
100%
八幡浜市 愛媛県
100%
新居浜市 愛媛県
100%
四国中央市 愛媛県
100%
西予市 愛媛県
100%
東温市 愛媛県
100%
上島町 愛媛県
100%
久万高原町 愛媛県
100%
砥部町 愛媛県
100%
内子町 愛媛県
100%
愛南町 愛媛県
100%
高知市 高知県
100%
室戸市 高知県
100%
安芸市 高知県
100%
南国市 高知県
100%
土佐市 高知県
100%
宿毛市 高知県
100%
四万十市 高知県
100%
馬路村 高知県
100%
中土佐町 高知県
100%
四万十町 高知県
100%
黒潮町 高知県
100%
北九州市 福岡県
100%
福岡市 福岡県
100%
大牟田市 福岡県
100%
久留米市 福岡県
100%
直方市 福岡県
100%
飯塚市 福岡県
100%
柳川市 福岡県
100%
行橋市 福岡県
100%
豊前市 福岡県
100%
中間市 福岡県
100%
大野城市 福岡県
100%
宗像市 福岡県
100%
太宰府市 福岡県
100%
古賀市 福岡県
100%
みやま市 福岡県
100%
糸島市 福岡県
100%
宇美町 福岡県
100%
水巻町 福岡県
100%
岡垣町 福岡県
100%
鞍手町 福岡県
100%
桂川町 福岡県
100%
筑前町 福岡県
100%
大刀洗町 福岡県
100%
添田町 福岡県
100%
赤村 福岡県
100%
鳥栖市 佐賀県
100%
伊万里市 佐賀県
100%
武雄市 佐賀県
100%
嬉野市 佐賀県
100%
神埼市 佐賀県
100%
吉野ヶ里町 佐賀県
100%
長崎市 長崎県
100%
佐世保市 長崎県
100%
島原市 長崎県
100%
諫早市 長崎県
100%
対馬市 長崎県
100%
五島市 長崎県
100%
西海市 長崎県
100%
雲仙市 長崎県
100%
南島原市 長崎県
100%
熊本市 熊本県
100%
八代市 熊本県
100%
人吉市 熊本県
100%
水俣市 熊本県
100%
玉名市 熊本県
100%
上天草市 熊本県
100%
阿蘇市 熊本県
100%
天草市 熊本県
100%
南関町 熊本県
100%
南阿蘇村 熊本県
100%
御船町 熊本県
100%
氷川町 熊本県
100%
相良村 熊本県
100%
山江村 熊本県
100%
大分市 大分県
100%
別府市 大分県
100%
中津市 大分県
100%
日田市 大分県
100%
臼杵市 大分県
100%
豊後高田市 大分県
100%
豊後大野市 大分県
100%
国東市 大分県
100%
姫島村 大分県
100%
玖珠町 大分県
100%
宮崎市 宮崎県
100%
都城市 宮崎県
100%
延岡市 宮崎県
100%
小林市 宮崎県
100%
日向市 宮崎県
100%
西都市 宮崎県
100%
えびの市 宮崎県
100%
綾町 宮崎県
100%
西米良村 宮崎県
100%
都農町 宮崎県
100%
椎葉村 宮崎県
100%
五ヶ瀬町 宮崎県
100%
鹿児島市 鹿児島県
100%
阿久根市 鹿児島県
100%
指宿市 鹿児島県
100%
霧島市 鹿児島県
100%
いちき串木野市 鹿児島県
100%
南さつま市 鹿児島県
100%
奄美市 鹿児島県
100%
南九州市 鹿児島県
100%
さつま町 鹿児島県
100%
南種子町 鹿児島県
100%
屋久島町 鹿児島県
100%
宇検村 鹿児島県
100%
瀬戸内町 鹿児島県
100%
知名町 鹿児島県
100%
那覇市 沖縄県
100%
宜野湾市 沖縄県
100%
浦添市 沖縄県
100%
糸満市 沖縄県
100%
沖縄市 沖縄県
100%
うるま市 沖縄県
100%
宮古島市 沖縄県
100%
国頭村 沖縄県
100%
大宜味村 沖縄県
100%
恩納村 沖縄県
100%
宜野座村 沖縄県
100%
伊江村 沖縄県
100%
読谷村 沖縄県
100%
南風原町 沖縄県
100%
南大東村 沖縄県
100%
北大東村 沖縄県
100%
伊平屋村 沖縄県
100%
伊是名村 沖縄県
100%
多良間村 沖縄県
100%
竹富町 沖縄県
100%
大泉町 群馬県
89%
富津市 千葉県
89%
薩摩川内市 鹿児島県
89%
綾瀬市 神奈川県
88%
滑川市 富山県
88%
山梨市 山梨県
88%
関ケ原町 岐阜県
88%
瀬戸内市 岡山県
88%
玄海町 佐賀県
88%
中頓別町 北海道
86%
陸別町 北海道
86%
桐生市 群馬県
86%
大島町 東京都
86%
島田市 静岡県
86%
刈谷市 愛知県
86%
大阪狭山市 大阪府
86%
高砂市 兵庫県
86%
土佐清水市 高知県
86%
球磨村 熊本県
86%
南城市 沖縄県
86%
本別町 北海道
83%
浦幌町 北海道
83%
厚岸町 北海道
83%
大館市 秋田県
83%
米沢市 山形県
83%
鮭川村 山形県
83%
田村市 福島県
83%
広野町 福島県
83%
筑西市 茨城県
83%
坂東市 茨城県
83%
渋川市 群馬県
83%
宮代町 埼玉県
83%
阿賀町 新潟県
83%
永平寺町 福井県
83%
富士河口湖町 山梨県
83%
東海市 愛知県
83%
熊取町 大阪府
83%
浜田市 島根県
83%
新見市 岡山県
83%
美祢市 山口県
83%
福智町 福岡県
83%
日南市 宮崎県
83%
志布志市 鹿児島県
83%
南大隅町 鹿児島県
83%
徳之島町 鹿児島県
83%
渡名喜村 沖縄県
83%
士別市 北海道
80%
深川市 北海道
80%
鹿部町 北海道
80%
長万部町 北海道
80%
積丹町 北海道
80%
赤井川村 北海道
80%
上川町 北海道
80%
滝上町 北海道
80%
白老町 北海道
80%
上士幌町 北海道
80%
おいらせ町 青森県
80%
気仙沼市 宮城県
80%
長井市 山形県
80%
桑折町 福島県
80%
楢葉町 福島県
80%
稲敷市 茨城県
80%
宇都宮市 栃木県
80%
羽生市 埼玉県
80%
戸田市 埼玉県
80%
蓮田市 埼玉県
80%
吉川市 埼玉県
80%
小平市 東京都
80%
八丈町 東京都
80%
弥彦村 新潟県
80%
能登町 石川県
80%
都留市 山梨県
80%
南アルプス市 山梨県
80%
中央市 山梨県
80%
飯山市 長野県
80%
本巣市 岐阜県
80%
揖斐川町 岐阜県
80%
東白川村 岐阜県
80%
半田市 愛知県
80%
常滑市 愛知県
80%
武豊町 愛知県
80%
甲賀市 滋賀県
80%
長岡京市 京都府
80%
宇治田原町 京都府
80%
大東市 大阪府
80%
橿原市 奈良県
80%
湯浅町 和歌山県
80%
和気町 岡山県
80%
八女市 福岡県
80%
宮若市 福岡県
80%
佐賀市 佐賀県
80%
大村市 長崎県
80%
平戸市 長崎県
80%
由布市 大分県
80%
鹿屋市 鹿児島県
80%
金武町 沖縄県
80%
岩泉町 岩手県
78%
田原本町 奈良県
78%
恵庭市 北海道
75%
江差町 北海道
75%
留寿都村 北海道
75%
喜茂別町 北海道
75%
美瑛町 北海道
75%
和寒町 北海道
75%
剣淵町 北海道
75%
羽幌町 北海道
75%
興部町 北海道
75%
西興部村 北海道
75%
新ひだか町 北海道
75%
豊頃町 北海道
75%
足寄町 北海道
75%
色丹村 北海道
75%
つがる市 青森県
75%
平内町 青森県
75%
大鰐町 青森県
75%
宮古市 岩手県
75%
八幡平市 岩手県
75%
滝沢市 岩手県
75%
平泉町 岩手県
75%
一戸町 岩手県
75%
栗原市 宮城県
75%
松島町 宮城県
75%
加美町 宮城県
75%
横手市 秋田県
75%
鶴岡市 山形県
75%
真室川町 山形県
75%
庄内町 山形県
75%
二本松市 福島県
75%
小野町 福島県
75%
潮来市 茨城県
75%
大田原市 栃木県
75%
上三川町 栃木県
75%
藤岡市 群馬県
75%
玉村町 群馬県
75%
深谷市 埼玉県
75%
川島町 埼玉県
75%
館山市 千葉県
75%
習志野市 千葉県
75%
柏市 千葉県
75%
長柄町 千葉県
75%
檜原村 東京都
75%
大磯町 神奈川県
75%
新発田市 新潟県
75%
加茂市 新潟県
75%
妙高市 新潟県
75%
内灘町 石川県
75%
小浜市 福井県
75%
中野市 長野県
75%
佐久穂町 長野県
75%
軽井沢町 長野県
75%
宮田村 長野県
75%
天龍村 長野県
75%
山形村 長野県
75%
坂城町 長野県
75%
小布施町 長野県
75%
土岐市 岐阜県
75%
岐南町 岐阜県
75%
神戸町 岐阜県
75%
三島市 静岡県
75%
藤枝市 静岡県
75%
豊明市 愛知県
75%
長久手市 愛知県
75%
度会町 三重県
75%
紀宝町 三重県
75%
栗東市 滋賀県
75%
島本町 大阪府
75%
豊能町 大阪府
75%
三木市 兵庫県
75%
三田市 兵庫県
75%
丹波市 兵庫県
75%
北山村 和歌山県
75%
八頭町 鳥取県
75%
日南町 鳥取県
75%
江府町 鳥取県
75%
大田市 島根県
75%
津和野町 島根県
75%
竹原市 広島県
75%
三好市 徳島県
75%
西条市 愛媛県
75%
伊予市 愛媛県
75%
香南市 高知県
75%
田川市 福岡県
75%
福津市 福岡県
75%
うきは市 福岡県
75%
那珂川市 福岡県
75%
久山町 福岡県
75%
壱岐市 長崎県
75%
荒尾市 熊本県
75%
玉東町 熊本県
75%
多良木町 熊本県
75%
佐伯市 大分県
75%
竹田市 大分県
75%
龍郷町 鹿児島県
75%
名護市 沖縄県
75%
千歳市 北海道
71%
甘楽町 群馬県
71%
毛呂山町 埼玉県
71%
八百津町 岐阜県
71%
三郷町 奈良県
71%
有田川町 和歌山県
71%
まんのう町 香川県
71%
芦別市 北海道
67%
三笠市 北海道
67%
根室市 北海道
67%
厚沢部町 北海道
67%
乙部町 北海道
67%
今金町 北海道
67%
長沼町 北海道
67%
南富良野町 北海道
67%
小平町 北海道
67%
利尻町 北海道
67%
清里町 北海道
67%
雄武町 北海道
67%
豊浦町 北海道
67%
厚真町 北海道
67%
様似町 北海道
67%
新得町 北海道
67%
別海町 北海道
67%
蘂取村 北海道
67%
青森市 青森県
67%
今別町 青森県
67%
蓬田村 青森県
67%
野辺地町 青森県
67%
矢巾町 岩手県
67%
住田町 岩手県
67%
田野畑村 岩手県
67%
名取市 宮城県
67%
富谷市 宮城県
67%
涌谷町 宮城県
67%
大仙市 秋田県
67%
上小阿仁村 秋田県
67%
三種町 秋田県
67%
八峰町 秋田県
67%
寒河江市 山形県
67%
西川町 山形県
67%
喜多方市 福島県
67%
湯川村 福島県
67%
西郷村 福島県
67%
三春町 福島県
67%
神栖市 茨城県
67%
高根沢町 栃木県
67%
那須町 栃木県
67%
中之条町 群馬県
67%
草津町 群馬県
67%
北本市 埼玉県
67%
富士見市 埼玉県
67%
寄居町 埼玉県
67%
杉戸町 埼玉県
67%
大網白里市 千葉県
67%
栄町 千葉県
67%
一宮町 千葉県
67%
国立市 東京都
67%
羽村市 東京都
67%
新島村 東京都
67%
御蔵島村 東京都
67%
新潟市 新潟県
67%
上越市 新潟県
67%
魚沼市 新潟県
67%
志賀町 石川県
67%
忍野村 山梨県
67%
安曇野市 長野県
67%
御代田町 長野県
67%
青木村 長野県
67%
富士見町 長野県
67%
辰野町 長野県
67%
南箕輪村 長野県
67%
平谷村 長野県
67%
根羽村 長野県
67%
木祖村 長野県
67%
小谷村 長野県
67%
富加町 岐阜県
67%
白川村 岐阜県
67%
熱海市 静岡県
67%
下田市 静岡県
67%
長泉町 静岡県
67%
一宮市 愛知県
67%
安城市 愛知県
67%
蒲郡市 愛知県
67%
田原市 愛知県
67%
蟹江町 愛知県
67%
東浦町 愛知県
67%
設楽町 愛知県
67%
菰野町 三重県
67%
彦根市 滋賀県
67%
長浜市 滋賀県
67%
豊郷町 滋賀県
67%
精華町 京都府
67%
南山城村 京都府
67%
田尻町 大阪府
67%
岬町 大阪府
67%
伊丹市 兵庫県
67%
西脇市 兵庫県
67%
大和郡山市 奈良県
67%
生駒市 奈良県
67%
高取町 奈良県
67%
海南市 和歌山県
67%
紀美野町 和歌山県
67%
白浜町 和歌山県
67%
三朝町 鳥取県
67%
湯梨浜町 鳥取県
67%
大山町 鳥取県
67%
安来市 島根県
67%
江津市 島根県
67%
海士町 島根県
67%
高梁市 岡山県
67%
浅口市 岡山県
67%
鏡野町 岡山県
67%
東広島市 広島県
67%
山口市 山口県
67%
山陽小野田市 山口県
67%
阿波市 徳島県
67%
美馬市 徳島県
67%
神山町 徳島県
67%
美波町 徳島県
67%
藍住町 徳島県
67%
つるぎ町 徳島県
67%
東みよし町 徳島県
67%
三豊市 香川県
67%
直島町 香川県
67%
芸西村 高知県
67%
大月町 高知県
67%
小郡市 福岡県
67%
嘉麻市 福岡県
67%
みやこ町 福岡県
67%
小城市 佐賀県
67%
有田町 佐賀県
67%
江北町 佐賀県
67%
小値賀町 長崎県
67%
新上五島町 長崎県
67%
和水町 熊本県
67%
菊陽町 熊本県
67%
産山村 熊本県
67%
あさぎり町 熊本県
67%
杵築市 大分県
67%
宇佐市 大分県
67%
高千穂町 宮崎県
67%
枕崎市 鹿児島県
67%
垂水市 鹿児島県
67%
姶良市 鹿児島県
67%
肝付町 鹿児島県
67%
今帰仁村 沖縄県
67%
北中城村 沖縄県
67%
座間味村 沖縄県
67%
東村 沖縄県
63%
神恵内村 北海道
60%
栗山町 北海道
60%
沼田町 北海道
60%
東神楽町 北海道
60%
浜頓別町 北海道
60%
枝幸町 北海道
60%
平取町 北海道
60%
標茶町 北海道
60%
大熊町 福島県
60%
飯能市 埼玉県
60%
日高市 埼玉県
60%
滑川町 埼玉県
60%
入善町 富山県
60%
能美市 石川県
60%
上野原市 山梨県
60%
伊那市 長野県
60%
木曽町 長野県
60%
笠松町 岐阜県
60%
輪之内町 岐阜県
60%
愛西市 愛知県
60%
川越町 三重県
60%
雲南市 島根県
60%
熊野町 広島県
60%
田布施町 山口県
60%
琴平町 香川県
60%
新宮町 福岡県
60%
東峰村 福岡県
60%
波佐見町 長崎県
60%
宇城市 熊本県
60%
日出町 大分県
60%
日置市 鹿児島県
60%
曽於市 鹿児島県
60%
十島村 鹿児島県
60%
壬生町 栃木県
57%
甲良町 滋賀県
57%
奈義町 岡山県
57%
大川村 高知県
57%
東串良町 鹿児島県
57%
幸田町 愛知県
55%
室蘭市 北海道
50%
新篠津村 北海道
50%
黒松内町 北海道
50%
仁木町 北海道
50%
南幌町 北海道
50%
新十津川町 北海道
50%
津別町 北海道
50%
置戸町 北海道
50%
湧別町 北海道
50%
大空町 北海道
50%
音更町 北海道
50%
幕別町 北海道
50%
鶴居村 北海道
50%
白糠町 北海道
50%
田子町 青森県
50%
新郷村 青森県
50%
大槌町 岩手県
50%
石巻市 宮城県
50%
登米市 宮城県
50%
東松島市 宮城県
50%
大河原町 宮城県
50%
利府町 宮城県
50%
羽後町 秋田県
50%
上山市 山形県
50%
山辺町 山形県
50%
中山町 山形県
50%
戸沢村 山形県
50%
白鷹町 山形県
50%
須賀川市 福島県
50%
檜枝岐村 福島県
50%
只見町 福島県
50%
三島町 福島県
50%
矢祭町 福島県
50%
浅川町 福島県
50%
富岡町 福島県
50%
新地町 福島県
50%
行方市 茨城県
50%
城里町 茨城県
50%
美浦村 茨城県
50%
五霞町 茨城県
50%
那須烏山市 栃木県
50%
市貝町 栃木県
50%
芳賀町 栃木県
50%
千代田町 群馬県
50%
熊谷市 埼玉県
50%
加須市 埼玉県
50%
朝霞市 埼玉県
50%
三芳町 埼玉県
50%
小川町 埼玉県
50%
ときがわ町 埼玉県
50%
小鹿野町 埼玉県
50%
上里町 埼玉県
50%
東金市 千葉県
50%
印西市 千葉県
50%
富里市 千葉県
50%
多古町 千葉県
50%
御宿町 千葉県
50%
愛川町 神奈川県
50%
清川村 神奈川県
50%
見附市 新潟県
50%
津南町 新潟県
50%
富山市 富山県
50%
珠洲市 石川県
50%
津幡町 石川県
50%
穴水町 石川県
50%
勝山市 福井県
50%
市川三郷町 山梨県
50%
身延町 山梨県
50%
富士川町 山梨県
50%
道志村 山梨県
50%
小菅村 山梨県
50%
岡谷市 長野県
50%
原村 長野県
50%
松川町 長野県
50%
朝日村 長野県
50%
羽島市 岐阜県
50%
垂井町 岐阜県
50%
御嵩町 岐阜県
50%
裾野市 静岡県
50%
湖西市 静岡県
50%
稲沢市 愛知県
50%
大府市 愛知県
50%
知多市 愛知県
50%
尾張旭市 愛知県
50%
高浜市 愛知県
50%
岩倉市 愛知県
50%
日進市 愛知県
50%
東郷町 愛知県
50%
大治町 愛知県
50%
野洲市 滋賀県
50%
南丹市 京都府
50%
大山崎町 京都府
50%
和束町 京都府
50%
与謝野町 京都府
50%
泉佐野市 大阪府
50%
松原市 大阪府
50%
豊岡市 兵庫県
50%
加古川市 兵庫県
50%
宍粟市 兵庫県
50%
たつの市 兵庫県
50%
神河町 兵庫県
50%
香美町 兵庫県
50%
新温泉町 兵庫県
50%
御所市 奈良県
50%
葛城市 奈良県
50%
宇陀市 奈良県
50%
曽爾村 奈良県
50%
御杖村 奈良県
50%
王寺町 奈良県
50%
吉野町 奈良県
50%
天川村 奈良県
50%
下北山村 奈良県
50%
田辺市 和歌山県
50%
紀の川市 和歌山県
50%
岩出市 和歌山県
50%
岩美町 鳥取県
50%
琴浦町 鳥取県
50%
日吉津村 鳥取県
50%
伯耆町 鳥取県
50%
川本町 島根県
50%
吉賀町 島根県
50%
玉野市 岡山県
50%
井原市 岡山県
50%
真庭市 岡山県
50%
美作市 岡山県
50%
早島町 岡山県
50%
勝央町 岡山県
50%
大竹市 広島県
50%
神石高原町 広島県
50%
岩国市 山口県
50%
上勝町 徳島県
50%
那賀町 徳島県
50%
板野町 徳島県
50%
三木町 香川県
50%
多度津町 香川県
50%
須崎市 高知県
50%
奈半利町 高知県
50%
北川村 高知県
50%
大豊町 高知県
50%
越知町 高知県
50%
梼原町 高知県
50%
津野町 高知県
50%
筑後市 福岡県
50%
大川市 福岡県
50%
芦屋町 福岡県
50%
遠賀町 福岡県
50%
糸田町 福岡県
50%
大任町 福岡県
50%
多久市 佐賀県
50%
大町町 佐賀県
50%
時津町 長崎県
50%
東彼杵町 長崎県
50%
川棚町 長崎県
50%
山鹿市 熊本県
50%
大津町 熊本県
50%
芦北町 熊本県
50%
湯前町 熊本県
50%
苓北町 熊本県
50%
三股町 宮崎県
50%
高原町 宮崎県
50%
新富町 宮崎県
50%
木城町 宮崎県
50%
諸塚村 宮崎県
50%
日之影町 宮崎県
50%
出水市 鹿児島県
50%
西之表市 鹿児島県
50%
湧水町 鹿児島県
50%
錦江町 鹿児島県
50%
天城町 鹿児島県
50%
与論町 鹿児島県
50%
渡嘉敷村 沖縄県
50%
粟国村 沖縄県
50%
久米島町 沖縄県
50%
与那国町 沖縄県
50%
鳴沢村 山梨県
43%
大町市 長野県
43%
合志市 熊本県
43%
札幌市 北海道
40%
舟形町 山形県
40%
矢板市 栃木県
40%
沼田市 群馬県
40%
大鹿村 長野県
40%
加西市 兵庫県
40%
鬼北町 愛媛県
40%
仁淀川町 高知県
40%
北谷町 沖縄県
40%
上峰町 佐賀県
38%
島牧村 北海道
33%
奈井江町 北海道
33%
月形町 北海道
33%
雨竜町 北海道
33%
鷹栖町 北海道
33%
下川町 北海道
33%
中川町 北海道
33%
小清水町 北海道
33%
佐井村 青森県
33%
柴田町 宮城県
33%
山元町 宮城県
33%
井川町 秋田県
33%
茂木町 栃木県
33%
越生町 埼玉県
33%
長瀞町 埼玉県
33%
白子町 千葉県
33%
田上町 新潟県
33%
関川村 新潟県
33%
立山町 富山県
33%
白山市 石川県
33%
佐久市 長野県
33%
王滝村 長野県
33%
生坂村 長野県
33%
松川村 長野県
33%
栄村 長野県
33%
瑞穂市 岐阜県
33%
川辺町 岐阜県
33%
河津町 静岡県
33%
函南町 静岡県
33%
小山町 静岡県
33%
豊根村 愛知県
33%
愛荘町 滋賀県
33%
多賀町 滋賀県
33%
枚方市 大阪府
33%
養父市 兵庫県
33%
山添村 奈良県
33%
上牧町 奈良県
33%
下市町 奈良県
33%
知夫村 島根県
33%
笠岡市 岡山県
33%
赤磐市 岡山県
33%
新庄村 岡山県
33%
西粟倉村 岡山県
33%
安芸高田市 広島県
33%
府中町 広島県
33%
柳井市 山口県
33%
北島町 徳島県
33%
宇多津町 香川県
33%
春日市 福岡県
33%
上毛町 福岡県
33%
築上町 福岡県
33%
鹿島市 佐賀県
33%
基山町 佐賀県
33%
太良町 佐賀県
33%
長与町 長崎県
33%
佐々町 長崎県
33%
菊池市 熊本県
33%
長洲町 熊本県
33%
西原村 熊本県
33%
嘉島町 熊本県
33%
甲佐町 熊本県
33%
山都町 熊本県
33%
九重町 大分県
33%
串間市 宮崎県
33%
本部町 沖縄県
33%
古平町 北海道
25%
洋野町 岩手県
25%
大郷町 宮城県
25%
鮫川村 福島県
25%
北相木村 長野県
25%
長和町 長野県
25%
笠置町 京都府
25%
平群町 奈良県
25%
斑鳩町 奈良県
25%
印南町 和歌山県
25%
北栄町 鳥取県
25%
邑南町 島根県
25%
いの町 高知県
25%
当麻町 北海道
20%
出雲崎町 新潟県
20%
上市町 富山県
20%
西桂町 山梨県
20%
多可町 兵庫県
20%
日高川町 和歌山県
20%
上富田町 和歌山県
20%
坂町 広島県
20%
五木村 熊本県
20%
三島村 鹿児島県
20%
大崎町 鹿児島県
20%
竜王町 滋賀県
17%
勝浦町 徳島県
17%
海陽町 徳島県
17%
須恵町 福岡県
17%
大木町 福岡県
17%
夕張市 北海道
0%
紋別市 北海道
0%
寿都町 北海道
0%
ニセコ町 北海道
0%
共和町 北海道
0%
岩内町 北海道
0%
浦臼町 北海道
0%
北竜町 北海道
0%
中富良野町 北海道
0%
苫前町 北海道
0%
斜里町 北海道
0%
浦河町 北海道
0%
更別村 北海道
0%
弘前市 青森県
0%
黒石市 青森県
0%
三沢市 青森県
0%
平川市 青森県
0%
藤崎町 青森県
0%
板柳町 青森県
0%
遠野市 岩手県
0%
葛巻町 岩手県
0%
金ケ崎町 岩手県
0%
普代村 岩手県
0%
村田町 宮城県
0%
大和町 宮城県
0%
潟上市 秋田県
0%
東成瀬村 秋田県
0%
東根市 山形県
0%
河北町 山形県
0%
大石田町 山形県
0%
大蔵村 山形県
0%
高畠町 山形県
0%
三川町 山形県
0%
本宮市 福島県
0%
川俣町 福島県
0%
大玉村 福島県
0%
鏡石町 福島県
0%
中島村 福島県
0%
矢吹町 福島県
0%
棚倉町 福島県
0%
石川町 福島県
0%
古殿町 福島県
0%
川内村 福島県
0%
桜川市 茨城県
0%
つくばみらい市 茨城県
0%
小美玉市 茨城県
0%
阿見町 茨城県
0%
八千代町 茨城県
0%
鹿沼市 栃木県
0%
那須塩原市 栃木県
0%
那珂川町 栃木県
0%
太田市 群馬県
0%
吉岡町 群馬県
0%
上野村 群馬県
0%
川場村 群馬県
0%
白岡市 埼玉県
0%
鳩山町 埼玉県
0%
横瀬町 埼玉県
0%
皆野町 埼玉県
0%
神川町 埼玉県
0%
松伏町 埼玉県
0%
千葉市 千葉県
0%
旭市 千葉県
0%
白井市 千葉県
0%
いすみ市 千葉県
0%
睦沢町 千葉県
0%
長生村 千葉県
0%
長南町 千葉県
0%
昭島市 東京都
0%
清瀬市 東京都
0%
多摩市 東京都
0%
大井町 神奈川県
0%
松田町 神奈川県
0%
山北町 神奈川県
0%
開成町 神奈川県
0%
三条市 新潟県
0%
阿賀野市 新潟県
0%
小矢部市 富山県
0%
舟橋村 富山県
0%
川北町 石川県
0%
高浜町 福井県
0%
おおい町 福井県
0%
大月市 山梨県
0%
甲斐市 山梨県
0%
丹波山村 山梨県
0%
東御市 長野県
0%
中川村 長野県
0%
売木村 長野県
0%
泰阜村 長野県
0%
大桑村 長野県
0%
木島平村 長野県
0%
各務原市 岐阜県
0%
可児市 岐阜県
0%
養老町 岐阜県
0%
大野町 岐阜県
0%
七宗町 岐阜県
0%
磐田市 静岡県
0%
松崎町 静岡県
0%
吉田町 静岡県
0%
川根本町 静岡県
0%
津島市 愛知県
0%
小牧市 愛知県
0%
豊山町 愛知県
0%
扶桑町 愛知県
0%
飛島村 愛知県
0%
亀山市 三重県
0%
大台町 三重県
0%
大紀町 三重県
0%
御浜町 三重県
0%
高島市 滋賀県
0%
久御山町 京都府
0%
井手町 京都府
0%
伊根町 京都府
0%
池田市 大阪府
0%
羽曳野市 大阪府
0%
高石市 大阪府
0%
河南町 大阪府
0%
姫路市 兵庫県
0%
川西市 兵庫県
0%
丹波篠山市 兵庫県
0%
市川町 兵庫県
0%
福崎町 兵庫県
0%
上郡町 兵庫県
0%
安堵町 奈良県
0%
河合町 奈良県
0%
大淀町 奈良県
0%
黒滝村 奈良県
0%
野迫川村 奈良県
0%
十津川村 奈良県
0%
東吉野村 奈良県
0%
かつらぎ町 和歌山県
0%
高野町 和歌山県
0%
由良町 和歌山県
0%
すさみ町 和歌山県
0%
古座川町 和歌山県
0%
出雲市 島根県
0%
飯南町 島根県
0%
西ノ島町 島根県
0%
隠岐の島町 島根県
0%
里庄町 岡山県
0%
久米南町 岡山県
0%
三原市 広島県
0%
三次市 広島県
0%
海田町 広島県
0%
安芸太田町 広島県
0%
萩市 山口県
0%
光市 山口県
0%
上関町 山口県
0%
平生町 山口県
0%
小松島市 徳島県
0%
吉野川市 徳島県
0%
石井町 徳島県
0%
牟岐町 徳島県
0%
松茂町 徳島県
0%
観音寺市 香川県
0%
綾川町 香川県
0%
大洲市 愛媛県
0%
伊方町 愛媛県
0%
松野町 愛媛県
0%
香美市 高知県
0%
東洋町 高知県
0%
田野町 高知県
0%
安田町 高知県
0%
本山町 高知県
0%
土佐町 高知県
0%
佐川町 高知県
0%
日高村 高知県
0%
三原村 高知県
0%
筑紫野市 福岡県
0%
朝倉市 福岡県
0%
篠栗町 福岡県
0%
志免町 福岡県
0%
粕屋町 福岡県
0%
小竹町 福岡県
0%
香春町 福岡県
0%
苅田町 福岡県
0%
吉富町 福岡県
0%
唐津市 佐賀県
0%
みやき町 佐賀県
0%
白石町 佐賀県
0%
松浦市 長崎県
0%
宇土市 熊本県
0%
南小国町 熊本県
0%
益城町 熊本県
0%
津奈木町 熊本県
0%
錦町 熊本県
0%
水上村 熊本県
0%
津久見市 大分県
0%
国富町 宮崎県
0%
高鍋町 宮崎県
0%
川南町 宮崎県
0%
門川町 宮崎県
0%
伊佐市 鹿児島県
0%
長島町 鹿児島県
0%
中種子町 鹿児島県
0%
大和村 鹿児島県
0%
喜界町 鹿児島県
0%
伊仙町 鹿児島県
0%
和泊町 鹿児島県
0%
石垣市 沖縄県
0%
豊見城市 沖縄県
0%
嘉手納町 沖縄県
0%
中城村 沖縄県
0%
西原町 沖縄県
0%
与那原町 沖縄県
0%
八重瀬町 沖縄県
0%
No matching quizzes found
Score Distribution
Percent of People with Each Score
Percentile by Number Answered
Your Score History
You have not taken this quiz